Highest Capacity Airliners - Statistics

General Stats
  • This quiz has been taken 36 times
  • The average score is 10 of 15
Answer Stats
Origin Answer Max. Seats % Correct
Europe Airbus A380-800 853
93%
United States Boeing 747-400 660
90%
United States Boeing 737-10 230
87%
United States Boeing 757-300 295
80%
United States Boeing 767-400ER 375
80%
United States Boeing 777-300 550
80%
Europe Airbus A340-600 475
77%
Europe Airbus A350-1000 480
77%
United States Boeing 787-10 440
77%
Europe Airbus A320 180
73%
Europe Airbus A330-900 460
73%
Europe Airbus A321neo 240
63%
United States McDonnell Douglas DC-10 399
43%
United States Lockheed L-1011 TriStar 400
17%
Soviet Union (Russia) Ilyushin Il-86 350
13%
No matching quizzes found
Score Distribution
Percent of People with Each Score
Percentile by Number Answered
Your Score History
You have not taken this quiz